[Event "AUTO-ADV-3385"]
[Site "http://www.queenalice.com/game.php?id=1351105"]
[Date "2015.4.1"]
[Round "1"]
[White "stephane8cr"]
[Black "fbenevides"]
[Result "0-1"]
[WhiteElo "1602"]
[BlackElo "1896"]

1. a3 d5 2. Nf3 Nf6 3. d3 h6 4. g3 e6 5. Bg2 Bc5 6. b4 Bb6 7. Bb2 O-O 8. O-O c5
9. Nbd2 cxb4 10. axb4 Nc6 11. Ba3 Re8 12. Nb3 Ne7 13. Ne5 Bc7 14. f4 b6 0-1

[Event "Bategoll"]
[Site "http://www.queenalice.com/game.php?id=1351395"]
[Date "2015.4.2"]
[Round "4"]
[White "teddy"]
[Black "fbenevides"]
[Result "1/2-1/2"]
[WhiteElo "2028"]
[BlackElo "1885"]

1. e4 d5 2. exd5 Qxd5 3. Nc3 Qe5+ 4. Be2 Nf6 5. d4 Qd6 6. Nb5 Qd7 7. Bf4 c6 8.
Nc7+ Kd8 9. Nxa8 Na6 10. Bxa6 bxa6 11. Ne2 Nd5 12. Bg3 Qb7 13. c4 Qxa8 14. cxd5
cxd5 15. Qa4 Qb7 16. Rc1 Bd7 17. Qa5+ Ke8 18. O-O e6 19. Rc7 Bb4 20. Rxb7 Bxa5
21. Rb8+ Bd8 22. Bd6 Bb5 23. Nc3 Bxf1 24. Kxf1 Kd7 25. Bb4 Kc7 26. Rxd8 Kxd8 27.
Bc5 Kd7 28. Bxa7 Kc6 29. b4 f6 30. a4 Rc8 31. b5+ Kb7 32. Bc5 axb5 33. Nxb5 Ka6
34. Ke2 Ka5 35. Nc3 h5 36. Kd3 f5 37. f4 Rg8 38. h4 g6 1/2-1/2

[Event "Challenge"]
[Site "http://www.queenalice.com/game.php?id=1357772"]
[Date "2015.5.6"]
[Round "-"]
[White "Magogue"]
[Black "fbenevides"]
[Result "0-1"]
[WhiteElo "1128"]
[BlackElo "1937"]

1. e4 e5 2. f4 d6 3. Bc4 exf4 4. Nf3 h6 5. Nc3 a6 6. a4 Be7 7. O-O Bg5 8. d4 Bg4
9. h3 Bxf3 10. Rxf3 Nc6 11. Bxf4 Bxf4 12. Rxf4 Nf6 13. Nd5 Nxd5 14. Bxd5 O-O 15.
c3 Rb8 16. Qf3 Qe7 17. Rf1 Nd8 18. Qh5 c6 19. Ba2 Ne6 20. R4f2 Qd7 21. d5 cxd5
22. exd5 Ng5 23. b3 b5 24. axb5 Rxb5 25. c4 Rb7 26. Qd1 f6 27. Bb1 Ra7 28. Bf5
Qe8 29. Re1 Qb8 30. Qd3 Ra8 31. h4 Nf7 32. Qg3 Ra7 33. Be6 Re7 34. Rxf6 Kh8 35.
Rf2 Ne5 36. Rxf8+ Qxf8 0-1

[Event "Challenge"]
[Site "http://www.queenalice.com/game.php?id=1357773"]
[Date "2015.5.6"]
[Round "-"]
[White "fbenevides"]
[Black "Magogue"]
[Result "1-0"]
[WhiteElo "1935"]
[BlackElo "1130"]

1. Nf3 d5 2. d4 Nf6 3. h3 Nc6 4. Nc3 e6 5. a3 Bd6 6. e3 a6 7. Bd3 O-O 8. O-O Re8
9. Ng5 h6 10. Nf3 Bd7 11. b4 e5 12. dxe5 Bxe5 13. Re1 Bxc3 14. Bd2 Bxa1 15. Qxa1
Ne4 16. Bxe4 dxe4 17. Nd4 Qg5 18. Kh2 Qh4 19. Rf1 Qe7 20. Ne2 Qd6+ 21. Nf4 Bxh3
22. Kxh3 Qxd2 23. Nh5 f6 24. c3 Qd7+ 25. Kh2 Re5 26. Ng3 Rd8 27. c4 b6 28. Qa2
Kf8 29. Qc2 Qd3 30. Qxd3 Rxd3 31. Ra1 f5 32. Kg1 g6 33. Kf1 Rc3 34. b5 axb5 35.
cxb5 Na5 36. a4 Nb3 37. Ra2 Rd5 38. Kg1 Rc1+ 39. Nf1 1-0

[Event "AUTO-MASTER-2299"]
[Site "http://www.queenalice.com/game.php?id=1360618"]
[Date "2015.5.20"]
[Round "1"]
[White "Diemerlin"]
[Black "fbenevides"]
[Result "1-0"]
[WhiteElo "2140"]
[BlackElo "1933"]

1. d4 d5 2. Nf3 h6 3. Nc3 Nf6 4. h3 Nc6 5. Bf4 a6 6. e3 e6 7. Bd3 Bb4 8. O-O
Bxc3 9. bxc3 Na5 10. Ne5 Qe7 11. Qf3 b6 12. Ng4 Bb7 13. Be5 Nxg4 14. Qxg4 f6 15.
Qh5+ Kd8 16. Bh2 b5 17. Rfe1 Nc6 18. e4 dxe4 19. Bxe4 f5 20. Bxf5 Rf8 21. Bxe6
Qf6 22. Qd5+ 1-0

[Event "AUTO-MASTER-2299"]
[Site "http://www.queenalice.com/game.php?id=1360630"]
[Date "2015.5.20"]
[Round "1"]
[White "Andrez"]
[Black "fbenevides"]
[Result "1-0"]
[WhiteElo "2054"]
[BlackElo "1939"]

1. g4 d5 2. g5 e6 3. d3 g6 4. Bg2 f6 5. h4 f5 6. a3 Qd6 7. f4 Nc6 8. e3 e5 9.
Nc3 Nge7 10. Nf3 a6 11. d4 e4 12. Ne5 Nxe5 13. dxe5 Qc5 14. h5 gxh5 15. Qxh5+
Kd8 16. Bd2 Qb6 17. b4 Qg6 18. Qxg6 Nxg6 19. Nxd5 Be6 20. c4 Ne7 21. Bc3 Bxd5
22. cxd5 Nxd5 23. Rd1 c6 24. e6 Rg8 25. Rxh7 Kc8 26. Bd4 Ne7 27. Bh3 Nd5 28.
Bxf5 Be7 29. Bxe4 Re8 30. Bxd5 cxd5 31. Bb6 Bd8 32. Rc1+ Kb8 33. Bxd8 Rxd8 34.
Rcc7 Ra7 35. Rcf7 Re8 36. f5 1-0

[Event "AUTO-MASTER-2299"]
[Site "http://www.queenalice.com/game.php?id=1360631"]
[Date "2015.5.20"]
[Round "1"]
[White "fbenevides"]
[Black "Andrez"]
[Result "1/2-1/2"]
[WhiteElo "1928"]
[BlackElo "2049"]

1. e4 e5 2. d4 exd4 3. Qxd4 Nc6 4. Qd1 d6 5. h3 Be7 6. Nc3 Nf6 7. Nf3 O-O 8. Bd3
h6 9. O-O Be6 10. a3 Qc8 11. Nh2 Ne5 12. Bf4 Nxd3 13. Qxd3 a6 14. b4 Nh5 15. Ne2
Qd7 16. Qf3 Rae8 17. Qxh5 f5 18. e5 dxe5 19. Bxe5 Bf6 20. Bxf6 Rxf6 21. Rfd1 Qf7
22. Qxf7+ Kxf7 23. c3 c6 24. Nf4 Re7 25. Nxe6 Rfxe6 26. g3 g5 27. c4 b6 28. Nf3
Re4 29. Rdc1 R7e6 30. c5 b5 31. Re1 g4 32. Rxe4 Rxe4 33. hxg4 fxg4 34. Nd2 Rd4
35. Ra2 h5 36. Kg2 Ke6 37. f3 Kd5 38. f4 Rd3 39. Kf2 Kd4 40. Kg2 1/2-1/2

[Event "AUTO-MASTER-2299"]
[Site "http://www.queenalice.com/game.php?id=1360638"]
[Date "2015.5.20"]
[Round "1"]
[White "fbenevides"]
[Black "somchess"]
[Result "0-1"]
[WhiteElo "1925"]
[BlackElo "1878"]

1. Nf3 d5 2. h3 e6 3. a3 c5 4. d4 Nc6 5. e3 Nf6 6. dxc5 Bxc5 7. Bb5 O-O 8. O-O
Qc7 9. Nc3 a6 10. Bd3 e5 11. Be2 Rd8 12. Na4 Ba7 13. c3 b5 14. b4 bxa4 15. Qxa4
e4 16. Nd2 Ne5 17. g3 Bxh3 18. Rd1 Neg4 19. Bxg4 Nxg4 20. Nf1 Qe5 21. Qc2 Qh5
22. Qd2 Ne5 23. Nh2 Nf3+ 24. Kh1 Bf1 0-1

[Event "AUTO-MASTER-2299"]
[Site "http://www.queenalice.com/game.php?id=1360639"]
[Date "2015.5.20"]
[Round "1"]
[White "somchess"]
[Black "fbenevides"]
[Result "0-1"]
[WhiteElo "1881"]
[BlackElo "1912"]

1. d4 d5 2. c4 e6 3. Nf3 dxc4 4. e3 b5 5. a4 Ba6 6. axb5 Bxb5 7. Bxc4 Bc6 8. O-O
Nf6 9. Ne5 Bd6 10. Nxc6 Nxc6 11. Bb5 Qd7 12. Qa4 O-O 13. Bxc6 Qc8 14. Bxa8 Qxa8
15. Qxa7 Qe4 16. Nd2 Qh4 17. Nf3 Qh5 18. Ra5 Qg6 19. Rg5 Qd3 20. Qa4 h6 21. Ra5
Qg6 22. Ra8 Rxa8 23. Qxa8+ Kh7 24. Ne1 Qh5 25. f4 Ng4 0-1

[Event "POR UM MUNDO MELHOR (1)"]
[Site "http://www.queenalice.com/game.php?id=1361083"]
[Date "2015.5.22"]
[Round "-"]
[White "jw16js"]
[Black "fbenevides"]
[Result "0-1"]
[WhiteElo "1548"]
[BlackElo "1931"]

1. e4 e5 2. Nf3 Bd6 3. Nc3 a6 4. d3 h6 5. Be3 Nf6 6. Nh4 Nxe4 7. Nxe4 Qxh4 8.
Nxd6+ cxd6 9. Bb6 Qb4+ 10. Qd2 Qxb6 11. b3 O-O 12. f3 Qd4 13. Rb1 Nc6 14. g4 b5
15. a3 Bb7 16. b4 Ne7 17. Qe2 Nd5 18. Qe4 Qxe4+ 19. dxe4 Nc3 20. Rb3 Na4 21. Bg2
d5 22. exd5 Bxd5 23. Rd3 Nb6 24. O-O Bc4 25. Rfd1 Bxd3 26. Rxd3 Ra7 27. h3 f6
28. Bf1 d5 29. h4 d4 30. h5 Nd5 31. Bg2 Nf4 32. Rd1 Nxg2 33. Kxg2 Rc8 34. Rc1
Rc3 35. Kf2 Rxa3 36. Ke2 Ra2 37. Kd3 Rc7 38. Ke4 Rcxc2 39. Re1 Re2+ 40. Kd3
Rad2# 0-1

[Event "POR UM MUNDO MELHOR (2)"]
[Site "http://www.queenalice.com/game.php?id=1361084"]
[Date "2015.5.22"]
[Round "-"]
[White "fbenevides"]
[Black "jw16js"]
[Result "1-0"]
[WhiteElo "1933"]
[BlackElo "1526"]

1. d4 d5 2. Nc3 c6 3. Nf3 Qb6 4. h3 f6 5. e3 Bf5 6. a3 g5 7. g4 Be4 8. Nxe4 dxe4
9. Nd2 e6 10. Nxe4 Qa5+ 11. Nc3 Bb4 12. Bd2 Bxc3 13. Bxc3 Qd5 14. f3 b5 15. Qe2
a6 16. Bg2 Qd6 17. O-O-O Ra7 18. Kb1 Nd7 19. h4 h6 20. hxg5 fxg5 21. Rdf1 a5 22.
f4 Ndf6 23. fxg5 Nd5 24. Bxd5 Qxd5 25. Qf2 Qd6 26. d5 Kd8 27. Bxh8 cxd5 28. Qf8+
Qxf8 29. Rxf8+ Ke7 30. Rxg8 Kd6 31. Rxh6 Re7 32. Bf6 Rd7 33. Rd8 Rxd8 34. Bxd8
Ke5 35. Bxa5 d4 36. exd4+ Kf4 37. g6 Kxg4 38. g7 b4 39. g8=Q+ Kf4 40. Qxe6 b3
41. Bc7+ Kg5 42. Qf6+ Kg4 43. Rg6+ 1-0

[Event "Challenge"]
[Site "http://www.queenalice.com/game.php?id=1376167"]
[Date "2015.8.8"]
[Round "-"]
[White "ORNELAS"]
[Black "fbenevides"]
[Result "1-0"]
[WhiteElo "1741"]
[BlackElo "1884"]

1. Nf3 d5 2. c3 Nf6 3. d4 Nc6 4. Ng5 h6 5. Nxf7 Kxf7 6. e3 a6 7. g3 e6 8. Bg2 g5
9. O-O h5 10. Qf3 Ke8 11. h4 gxh4 12. gxh4 Bg7 13. b4 b5 14. Nd2 Ng4 15. Qg3 Qe7
16. Nf3 Nf6 17. Ne5 Nxe5 18. dxe5 Ng4 19. Bf3 Bxe5 20. Qh3 Bxc3 21. Rb1 Bxb4 22.
Bb2 Rh7 23. a3 Bd6 24. Bg2 Bh2+ 25. Kh1 Rf7 26. f3 Nxe3 27. Rf2 Bf4 28. Bd4 e5
29. Bxe3 Bxh3 30. Bxf4 Bxg2+ 31. Rxg2 Rxf4 32. Rb3 Rxh4+ 33. Kg1 Kf7 34. Rc3 Rg8
35. Rxg8 Kxg8 36. Rc2 c5 37. Rg2+ Kf7 38. Rh2 Rxh2 39. Kxh2 Qg5 40. Kh3 d4 41.
Kh2 d3 42. Kh3 d2 43. f4 Qg4+ 44. Kh2 d1=Q 45. fxe5 1-0

[Event "Challenge"]
[Site "http://www.queenalice.com/game.php?id=1376168"]
[Date "2015.8.8"]
[Round "-"]
[White "ORNELAS"]
[Black "fbenevides"]
[Result "0-1"]
[WhiteElo "1625"]
[BlackElo "1907"]

1. Nf3 Nf6 2. b3 Nc6 3. Bb2 d5 4. Bxf6 exf6 5. d4 Bf5 6. Nbd2 Nb4 7. e4 Bxe4 8.
Nxe4 dxe4 9. Nh4 Qxd4 10. Qc1 Bc5 11. Be2 Qxf2+ 12. Kd1 Qxh4 13. Qd2 Rd8 14. Bd3
exd3 15. cxd3 Rxd3 16. Qxd3 Nxd3 17. Kd2 Qd4 18. Rad1 O-O 19. Kc2 Nb4+ 20. Kb1
Qe4+ 21. Kb2 h6 22. Rhe1 Qxg2+ 23. Kc3 Qc2# 0-1

[Event "AUTO-ADV-3385"]
[Site "http://www.queenalice.com/game.php?id=1379568"]
[Date "2015.8.25"]
[Round "2"]
[White "josebaron"]
[Black "fbenevides"]
[Result "1-0"]
[WhiteElo "2135"]
[BlackElo "1919"]

1. e4 e5 2. Bc4 Nf6 3. d3 h6 4. Nf3 Bd6 5. O-O O-O 6. c3 a6 7. a4 a5 8. Nh4 Kh8
9. Nf5 Bc5 10. Ng3 d6 11. h3 Qe8 12. Nh5 Ng8 13. Kh1 Nc6 14. f4 g6 15. Ng3 h5
16. fxe5 dxe5 17. Nxh5 Kh7 18. Ng3 Be6 19. Nd2 Bxc4 20. Nxc4 Qd8 21. Ne3 Qh4 22.
Qg4 Qxg4 23. Nxg4 Rad8 24. Rf3 b6 25. b3 1-0

[Event "AUTO-ADV-3385"]
[Site "http://www.queenalice.com/game.php?id=1379569"]
[Date "2015.8.25"]
[Round "2"]
[White "fbenevides"]
[Black "josebaron"]
[Result "0-1"]
[WhiteElo "1927"]
[BlackElo "2129"]

1. Nf3 d6 2. Nc3 e5 3. e4 Nf6 4. h3 Be7 5. Bc4 O-O 6. d3 h6 7. g4 Nh7 8. d4 exd4
9. Nxd4 Bh4 10. Be3 Nd7 11. Nf3 Ne5 12. Nxe5 dxe5 13. Qxd8 Rxd8 14. O-O Bg5 15.
Bxg5 Nxg5 16. Kg2 Be6 17. Bd3 f6 18. f3 c6 19. h4 Nf7 20. h5 Ng5 21. Ne2 b5 22.
b4 a5 23. bxa5 Rxa5 24. a3 c5 0-1

[Event "AUTO-ADV-3385"]
[Site "http://www.queenalice.com/game.php?id=1379572"]
[Date "2015.8.25"]
[Round "2"]
[White "fbenevides"]
[Black "Paked"]
[Result "0-1"]
[WhiteElo "1897"]
[BlackElo "1984"]

1. Nf3 d5 2. d4 Nc6 3. a3 Nf6 4. h3 e6 5. Nc3 Bd6 6. e3 Bd7 7. Bb5 a6 8. Bxc6
Bxc6 9. O-O Ne4 10. Nxe4 dxe4 11. Nd2 f5 12. b4 O-O 13. c3 f4 14. exf4 Bxf4 15.
Qg4 Qf6 16. Qe2 Qg6 17. g4 Qh6 18. Nxe4 Qxh3 19. Bxf4 Rxf4 20. Ng3 Rxg4 21. f3
Qxg3+ 0-1

[Event "AUTO-ADV-3385"]
[Site "http://www.queenalice.com/game.php?id=1379573"]
[Date "2015.8.25"]
[Round "2"]
[White "Paked"]
[Black "fbenevides"]
[Result "1-0"]
[WhiteElo "1930"]
[BlackElo "1912"]

1. e4 e5 2. Nf3 d6 3. Bc4 h6 4. d4 Bg4 5. dxe5 Bxf3 6. Qxf3 Qe7 7. exd6 cxd6 8.
O-O Nf6 9. Nc3 Nc6 10. Nd5 Nxd5 11. exd5 Ne5 12. Bb5+ Kd8 13. Qc3 Rc8 14. Qa5+
Qc7 15. Qxa7 Qb8 16. Qd4 Rxc2 17. Re1 f6 18. f4 Qc7 19. fxe5 1-0

[Event "challenge 1"]
[Site "http://www.queenalice.com/game.php?id=1390127"]
[Date "2015.10.21"]
[Round "-"]
[White "PhilBFrance"]
[Black "fbenevides"]
[Result "1-0"]
[WhiteElo "2463"]
[BlackElo "1860"]

1. e4 Nc6 2. Nf3 e5 3. Bc4 h6 4. d4 exd4 5. Nxd4 Nxd4 6. Qxd4 d6 7. O-O c5 8.
Qd3 a6 9. Nc3 Qe7 10. Nd5 Qd8 11. a4 Nf6 12. Qb3 Nxd5 13. Bxd5 Qe7 14. Qb6 Qd7
15. Rd1 Be7 16. e5 O-O 17. exd6 Bf6 18. Be3 a5 19. Bxc5 Be5 20. Rd3 Ra6 21. Qc7
Qxc7 22. dxc7 Bxc7 23. Bxf8 Kxf8 24. Rc3 Be6 25. Bxe6 Rxe6 26. Rxc7 b6 27. Rd1
g5 28. g3 Kg7 29. Kg2 Kg6 30. Rd4 Rf6 31. Rcd7 Kf5 32. R4d6 Rxd6 33. Rxd6 f6 34.
Rxb6 h5 35. Rb5+ 1-0

[Event "Challenge 2"]
[Site "http://www.queenalice.com/game.php?id=1390128"]
[Date "2015.10.21"]
[Round "-"]
[White "fbenevides"]
[Black "PhilBFrance"]
[Result "0-1"]
[WhiteElo "1862"]
[BlackElo "2457"]

1. Nf3 Nf6 2. Nc3 Nc6 3. d4 d5 4. e3 g6 5. h3 Bg7 6. Bb5 O-O 7. Bxc6 bxc6 8. O-O
Qd6 9. Ne2 Ne4 10. c3 Ba6 11. Re1 c5 12. dxc5 Nxc5 13. Nf4 e5 14. Nxd5 e4 15.
Nh2 Rfd8 16. b4 Nd3 17. Nxc7 Qxc7 18. Qe2 Qxc3 19. Bd2 Qc2 20. Qd1 Nxe1 21. Qxc2
Nxc2 22. Rd1 Be2 23. Rf1 Rxd2 24. a3 Bxf1 25. Nxf1 Rd1 26. g4 Rc8 27. Kg2 Ne1+
28. Kg3 Be5+ 29. Kh4 Nf3# 0-1

[Event "Challenge"]
[Site "http://www.queenalice.com/game.php?id=1392135"]
[Date "2015.11.2"]
[Round "-"]
[White "Richardlim"]
[Black "fbenevides"]
[Result "1-0"]
[WhiteElo "2173"]
[BlackElo "1858"]

1. c4 Nc6 2. Nc3 Nf6 3. d4 d5 4. c5 e6 5. e3 a6 6. Nf3 h6 7. Bd3 Be7 8. O-O O-O
9. Bc2 b6 10. cxb6 cxb6 11. Qd3 Nb4 12. Qd2 b5 13. Bb1 Bd7 14. a3 Nc6 15. Qc2
Qb8 16. e4 dxe4 17. Nxe4 g6 18. Bxh6 Rc8 19. Nxf6+ Bxf6 20. h4 Nxd4 21. Qd3
Nxf3+ 22. Qxf3 Bxb2 23. Ra2 1-0

[Event "Challenge"]
[Site "http://www.queenalice.com/game.php?id=1392136"]
[Date "2015.11.2"]
[Round "-"]
[White "fbenevides"]
[Black "Richardlim"]
[Result "0-1"]
[WhiteElo "1855"]
[BlackElo "2176"]

1. d4 Nf6 2. Nf3 g6 3. Nc3 Bg7 4. e3 O-O 5. Bc4 d5 6. Bd3 Bg4 7. h3 Be6 8. O-O
Qc8 9. Ng5 Bd7 10. e4 dxe4 11. Bxe4 Nxe4 12. Ncxe4 Nc6 13. d5 Na5 14. Nd2 c6 15.
dxc6 Nxc6 16. Ndf3 Qc7 17. c3 Rad8 18. Qc2 Nb4 19. Qe4 Nc6 20. b4 Bf5 21. Qc4
Bd3 22. Qh4 h6 0-1